Eastern Utah Libraries Catalog: Duchesne, Heber, Roosevelt, & Vernal

Hallmark 2-Movie Collection: Where Your Heart Belongs/Warming Up to You (DVD) (Record no. 377937)

MARC details
000 -LEADER
fixed length control field 01685cgm a2200433Ma 4500
001 - CONTROL NUMBER
control field on1343747599
003 - CONTROL NUMBER IDENTIFIER
control field OCoLC
005 - DATE AND TIME OF LATEST TRANSACTION
control field 20221013142940.0
007 - PHYSICAL DESCRIPTION FIXED FIELD--GENERAL INFORMATION
fixed length control field vd cvaizs
008 - FIXED-LENGTH DATA ELEMENTS--GENERAL INFORMATION
fixed length control field 220819s2022 xxu173 e vleng d
040 ## - CATALOGING SOURCE
Original cataloging agency YVR
Language of cataloging eng
Transcribing agency YVR
Modifying agency WM@
-- WACOL
024 1# - OTHER STANDARD IDENTIFIER
Standard number or code 767685167526
028 42 - PUBLISHER NUMBER
Publisher number 15237503
035 ## - SYSTEM CONTROL NUMBER
System control number (OCoLC)1343747599
082 04 - DEWEY DECIMAL CLASSIFICATION NUMBER
Classification number DVD
Item number TVM
092 ## - LOCALLY ASSIGNED DEWEY CALL NUMBER (OCLC)
Classification number dvd
Item number Where
049 ## - LOCAL HOLDINGS (OCLC)
Holding library WACL
245 00 - TITLE STATEMENT
Title Hallmark 2-Movie Collection: Where Your Heart Belongs/Warming Up to You (DVD)
Medium [videorecording].
246 3# - VARYING FORM OF TITLE
Title proper/short title ON ORDER DVD
250 ## - EDITION STATEMENT
Edition statement Widescreen ed.
260 ## - PUBLICATION, DISTRIBUTION, ETC. (IMPRINT)
Place of publication, distribution, etc [United States] :
Name of publisher, distributor, etc Cinedigm Entertainment,
Date of publication, distribution, etc 2022.
300 ## - PHYSICAL DESCRIPTION
Extent 1 videodisc (ca. 173 min.) :
Other physical details sd., col. ;
Dimensions 4 3/4 in.
508 ## - CREATION/PRODUCTION CREDITS NOTE
Creation/production credits note Director, Christie Will.
511 1# - PARTICIPANT OR PERFORMER NOTE
Participant or performer note Jen Lilley, Christopher Russell, Cindy Busby.
520 ## - SUMMARY, ETC.
Summary, etc Where Your Heart Belongs: When a NY marketing executive returns home to help with her best friend's wedding, she learns the hard way that the love and support of family and friends means more than she'd ever imagined. Warming Up to You: A fitness expert must get a movie star into shape before shooting his next film.
521 8# - TARGET AUDIENCE NOTE
Target audience note MWT rating: NR.
538 ## - SYSTEM DETAILS NOTE
System details note DVD.
546 ## - LANGUAGE NOTE
Language note English audio.
546 ## - LANGUAGE NOTE
Language note Closed-captioned; English subtitles for the deaf and hard of hearing.
521 ## - TARGET AUDIENCE NOTE
Target audience note dvd
Source micromarketing
650 #4 - SUBJECT ADDED ENTRY--TOPICAL TERM
Topical term or geographic name as entry element Drama.
650 #4 - SUBJECT ADDED ENTRY--TOPICAL TERM
Topical term or geographic name as entry element Made For Tv Movies.
9 (RLIN) 99448
655 #4 - INDEX TERM--GENRE/FORM
Genre/form data or focus term Drama.
700 1# - ADDED ENTRY--PERSONAL NAME
Personal name Lilley, Jen.
9 (RLIN) 5799431
700 1# - ADDED ENTRY--PERSONAL NAME
Personal name Russell, Christopher.
9 (RLIN) 76567
700 1# - ADDED ENTRY--PERSONAL NAME
Personal name Busby, Cindy.
9 (RLIN) 5732303
856 7# - ELECTRONIC LOCATION AND ACCESS
Materials specified View cover art
Uniform Resource Identifier <a href="https://thumbnail.midwesttape.com/15237503_180.jpg">https://thumbnail.midwesttape.com/15237503_180.jpg</a>
Access method https
994 ## -
-- C0
-- WACOL
Holdings
Withdrawn status Lost status Source of classification or shelving scheme Damaged status Not for loan Collection code Home library Current library Shelving location Date acquired Source of acquisition Total Checkouts Total Renewals Full call number Barcode Checked out Date last seen Date checked out Cost, replacement price Price effective from Koha item type
    Dewey Decimal Classification     Movies Wasatch County Library Wasatch County Library Audio Visual Area 10/13/2022 Micromarketing 6 3 DVD Where 34301001866310 03/16/2026 02/23/2026 02/23/2026 19.99 10/13/2022 DVD
This project was made possible through a grant from the Institute of Museum and Library Service administered by the Utah State Library Division.

Wasatch County Library

  • 465 East 1200 South, Heber City, Utah 84032
  • Phone 435-654-1511 | Fax 435-654-6456

Hours

  • Monday - Friday 9:30 AM - 8:00 PM
  • Saturday 9:30 AM - 1:30 PM
  • Closed Sundays and Holidays